02169 a2200169 4500020001500000020001800015082001100033100002100044245015000065250001200215260002800227300002100255500001500276520155300291856007501844856008001919 a0471585092 a978047158509104a658.471 aFuld, Leonard M.14aThe new competitor intelligence :bthe complete resource for finding, analyzing, and using information about your competitors /cLeonard M. Fuld. a2nd ed. a[S.l.] :bWiley,c1994. a512 p. ;c26 cm. aPaperback. aHow to find and use the up-to-the-minute intelligence you need to win your fight for market share and glory! How do I analyze a private company's true costs? When does the competition plan to roll out its new product and in what quantity? What are our customers' long-term strategies? What new technologies or products does the competition have on its drawing boards? The New Competitor Intelligence shows where you can get the answers to these and most other questions you have about what the competition is up to. Learn, through easy-to-use techniques, how to analyze competitor information from the many print, database, and CD-ROM sources described in this book. "Forget the Internet. Fuld has created an intelligence gold mine that will help you get all the business information you will ever need."— Al Ries Chairman, Trout & Ries Coauthor of Marketing Warfare and Positioning: The Battle for Your Mind "A powerful and practical guide that will show any decision maker how to stay competitive in today's business world."— Herb Baum President and Chief Executive Officer Quaker State Motor Oil "The New Competitor Intelligence unlocks the vaults of all the 'open' secrets of your competitors."— Domenico A. Fanelli, Managing Director AMA International Management Centre, Europe "This book gives you practical, effective benchmarking tools all within your reach and your budget."— Philip B. Crosby Author of Quality Is Free and Completeness: Quality for the 21st C 3Amazon.comuhttp://www.amazon.com/exec/obidos/ASIN/0471585092/chopacon 3Amazon customer reviewsuhttp://www.chopac.org/cgi-bin/tools/azrev.pl?q=047